000 00473nam a22001697a 4500
005 20251108165537.0
008 250721s1982 xx 000 0 ara d
082 1 4 _aم/920.0611/محم
100 1 _aمحفوظ، محمد
245 1 0 _aتراجم المؤلفين التونسيين /
264 1 _aبيروت :
_bدار الغرب الأسلامي،
_c1982.
300 _a
650 1 7 _aتونس
650 1 7 _aالتراجم
942 _2ddc
_cREF
999 _c30419
_d30419